| 000 | 00539nam a22002051a 4500 | ||
|---|---|---|---|
| 001 | 1755 | ||
| 003 | OSt | ||
| 005 | 20260204211746.0 | ||
| 008 | 040120s1999||||sp ||||||b||||||||||spa|| | ||
| 020 | _a8478842004 | ||
| 050 | _a370.196 R22j | ||
| 082 | _a370.196 R22j | ||
| 245 | _aLa reforma educacional chilena / Juan Eduardo García | ||
| 264 | _aEspaña : Popular | ||
| 300 | _a335 p. | ||
| 500 | _aIncluye indice | ||
| 650 | _a1.Educación Internacional 2.Educación Chilena | ||
| 700 | _aEduardo García, juanÌ | ||
| 942 |
_2ddc _cBK |
||
| 999 |
_c1755 _d1755 |
||